MDQL
is popping MORE tags! Check the
thread
!
Quizzes
Events
Quiz Creation
Community
Videos
Private Events
Remove Ads
Sign In
Join for FREE
Feedback
Dark Mode
Quiz Categories
Sports
Geography
Music
Movies
Television
Just For Fun
Miscellaneous
History
Literature
Language
Science
Gaming
Entertainment
Religion
Holiday
For Kids
Quiz Lab
Recent
Popular Today
Quiz Kudos Today
Editor Picks
Curator Picks
Quizzes by...
Day
Popularity
Type
Ratings
Length
Year
Community
Subscriptions
Recent Discussions
Orange Saloon
Badges
Playlists
Quests
Create
Leaderboards
Showdown
Live 5
Trivia Bingo
Activity
Puzzle Library
Sporcle Events
Private Events
Virtual Trivia
Globe League
Become a Host
Pub Owners
SporcleCon
Opinionation
Our Games
Videos
Blog
Mobile Apps
Partnerships
Remove Ads and Go Orange
Feedback
Geography
Country
Landmarks
City
State
Population
World
Capital
Continent
Flags
Europe
Africa
Asia
South America
North America
Oceania
Border
Canada
United Kingdom
Topography
United States
Geography
Country
Landmarks
City
State
Population
World
Capital
Continent
Flags
Europe
Africa
Asia
South America
North America
Oceania
Border
Canada
United Kingdom
Topography
United States
Random Quiz
Search Sporcle
×
Quiz Lab
Quiz Lab
Geography
map
Type answers that appear on an image
Type answers that appear on an image
Map
Best Score? Go Orange.
Dutch Municipalities: Limburg (Map) Stats
Can you name the municipalities in the Dutch province of Limburg?
By
Tirius
10m
33 Questions
528 Plays
528 Plays
528 Plays
Comments
Comments
Give Quiz Kudos
Give Quiz Kudos
-
- Ratings
hide this ad
More Info
Replay
Link that replays current quiz
Next Quiz
Link to next quiz in quiz playlist
You Got
0%
They Got
Avg Score
65%
Avg Friend Score
Upgrade to see
Score Distribution
Jump to the score distribution portion of the page
Score
0/33
Timer
10:00
0
Plays Today
% Correct
Maastricht
98.9%
Venlo
95.3%
Roermond
91.1%
Heerlen
90.5%
Kerkrade
89.8%
Weert
88.1%
Sittard-Geleen
87.5%
Vaals
85%
Venray
84.7%
Valkenburg
81.8%
Landgraaf
73.7%
Nederweert
65.7%
Beek
63.4%
Brunssum
63.3%
Stein
61.4%
Echt-Susteren
59.8%
Eijsden-Margraten
59.1%
% Correct
Meerssen
58%
Horst aan de Maas
56.4%
Peel en Maas
56.4%
Gulpen-Wittem
55.5%
Gennep
55.5%
Bergen
53.8%
Mook en Middelaar
53.6%
Simpelveld
53.4%
Nuth
53.2%
Roerdalen
51.7%
Voerendaal
50.6%
Leudal
49.8%
Schinnen
44.7%
Maasgouw
43.2%
Beesel
42.8%
Onderbanken
40.5%
Quiz Playlist
Details
Report
Send in Message
Add To Playlist
More Info:
Uses divisions as of 2015.
Map:
Type answers that appear on an image
Quiz Source
Last Updated: Feb 16, 2017
Quiz Scoreboard
CHALLENGE
Sign Up to Join the Scoreboard
Show All
Scores
Hide
Comments
May contain spoilers
Recently Published
Two Season TV Shows II
by 123Four
Television
10m
Image Sorting: Flags VI
by Barbecue
Geography
2m
Find the 'City' Movie
by crazypaving
Movies
60s
More to Explore
Quiz From the Vault
Featured Blog Post
14 Easter Pick-up Lines to Find Eggs With
hide this ad
You Might Also Like...
Tags
map
Municipality
Netherlands
Today's Top Quizzes in Geography
Browse Geography
hide this ad
Today's Top Quizzes in map
Browse map
Top Contributed Quizzes in Geography
1
Colored Red Europe Blitz I
2
Countries of the World - No Outlines Minefield
3
Colored Red Africa Blitz II
4
Colored Red Europe Blitz II
5
Colored Red Europe Blitz III
6
Colored Red Africa Blitz III
7
Colored Red States Blitz I
8
Colored Red States Blitz II
9
Colored Red States Blitz III
10
A Different View: World Oceans
Explore More
Trending Topics
Marvel
Harry Potter
Disney
Kpop
Anime
Crossword
NBA
Pokémon
Soccer
Puzzle
WWE
Song
The Office
NFL
Country
hide this ad
More By:
Tirius
Quiz
Plays
Rating
Category
Featured
Created
Dutch Municipalities: Gelderland (Map)
599
5.00
Geography
Jan 18, 2015
Dutch Municipalities: Limburg (Map)
528
5.00
Geography
Jan 18, 2015
Dutch Municipalities: Utrecht (Map)
416
5.00
Geography
Jan 18, 2015
Dutch Municipalities: South-Holland (Map)
370
5.00
Geography
Jan 19, 2015
Dutch Municipalities: Overijssel (Map)
330
5.00
Geography
Jan 19, 2015
Go to Creator's Profile
Score Distribution
Quiz Creator Spotlight
Tirius
Follow
Send a Message
Quizzes Created
-
Created Quiz Play Count
-
More By This Creator
Popular Quizzes Today
1
Find the US States - No Outlines Minefield
2
Colored Red Africa Blitz
3
Find the 'City' Movie
4
5x2 Blitz: Bands
5
The Countries of the World
6
Find the Countries of Europe - No Outlines Minefield
7
Find the US States
8
US States
More Geography Quizzes
Find the US States - No Outlines
Editor's Pick
Trending Quizzes
Colored Red Europe Blitz I
Colored Red Africa Blitz II
Colored Red Europe Blitz II
Colored Red Africa Blitz III
Colored Red Europe Blitz III
Recently Updated
How Do You Spell That?
pecheneg
Godzilla Movies
pecheneg
Grab Bag: 4-10 Letters
pecheneg
2024 March Madness Bracket
pecheneg
Famous TV Couples
Peacemaker
Champions League XIs: Real Madrid
pecheneg
Largest US Cities 1790-2010
pecheneg
Rides in Walt Disney World
pecheneg
Most Oscar Losses (Acting)
pecheneg
Beyoncé Albums
pecheneg
Trending Topics
Anime
NBA
Kpop
Disney
Marvel
Crossword
Harry Potter
Song
WWE
NFL
Soccer
Puzzle
Pokémon
The Office
Country
Your Account Isn't Verified!
In order to create a playlist on Sporcle, you need to verify the email address you used during registration. Go to your
Sporcle Settings
to finish the process.
Report this User
Report this user for behavior that violates our
Community Guidelines
.
Details:
Send Report
Go to the Sporcle.com Mobile Site →
Comments